Pokemon Generation III - Statistics

General Stats
  • This quiz has been taken 95 times
  • The average score is 49 of 136
Answer Stats
# Answer % Correct
4 Torchic
89%
6 Blaziken
85%
1 Treecko
83%
5 Combusken
82%
3 Sceptile
80%
2 Grovyle
77%
9 Swampert
70%
8 Marshtomp
67%
128 Kyogre
59%
130 Rayquaza
52%
12 Zigzagoon
50%
16 Beautifly
48%
17 Cascoon
48%
131 Latias
48%
132 Latios
48%
14 Wurmple
48%
134 Deoxys
47%
18 Dustox
47%
13 Linoone
47%
125 Regirock
47%
11 Mightyena
45%
126 Regice
45%
15 Silcoon
45%
119 Bagon
44%
133 Jirachi
44%
10 Poochyena
44%
103 Seviper
44%
127 Registeel
42%
121 Salamence
42%
29 Swellow
42%
104 Zangoose
42%
64 Camerupt
41%
120 Shelgon
41%
28 Taillow
41%
72 Lunatone
39%
63 Numel
39%
34 Pelipper
39%
33 Wingull
39%
100 Absol
38%
83 Altaria
38%
116 Ralts
38%
55 Sharpedo
38%
27 Shedinja
38%
73 Solrock
38%
45 Torkoal
38%
102 Banette
36%
124 Metagross
36%
90 Slaking
36%
82 Swablu
36%
93 Tropius
36%
89 Vigoroth
36%
108 Aggron
35%
106 Aron
35%
122 Beldum
35%
61 Electrike
35%
58 Flygon
35%
117 Kirlia
35%
20 Lombre
35%
21 Ludicolo
35%
123 Metang
35%
101 Shuppet
35%
39 Skitty
35%
57 Vibrava
35%
38 Wailord
35%
68 Cacnea
33%
97 Clamperl
33%
96 Exploud
33%
19 Lotad
33%
49 Luvdisc
33%
26 Ninjask
33%
77 Plusle
33%
56 Trapinch
33%
37 Wailmer
33%
40 Delcatty
32%
129 Groundon
32%
60 Hariyama
32%
95 Loudred
32%
59 Makuhita
32%
87 Roselia
32%
22 Seedot
32%
88 Slakoth
32%
32 Spinda
32%
94 Whismur
32%
69 Cacturne
30%
43 Claydol
30%
52 Feebas
30%
98 Huntail
30%
107 Lairon
30%
79 Mawile
30%
81 Medicham
30%
23 Nuzleaf
30%
105 Relicanth
30%
24 Shiftry
30%
115 Armaldo
29%
42 Baltoy
29%
31 Breloom
29%
99 Gorebyss
29%
91 Gulpin
29%
53 Milotic
29%
66 Sealeo
29%
70 Snorunt
29%
65 Spheal
29%
67 Walrein
29%
113 Cradily
27%
111 Illumise
27%
80 Meditite
27%
46 Sableye
27%
110 Volbeat
27%
114 Anorith
26%
109 Castform
26%
135 Chimecho
26%
51 Crawdaunt
26%
71 Glalie
26%
44 Nosepass
26%
30 Shroomish
26%
92 Swalot
26%
74 Azurill
24%
41 Kecleon
24%
112 Lileep
24%
35 Surskit
24%
47 Barboach
23%
50 Corphish
23%
36 Masquerain
21%
75 Spoink
21%
48 Whiscash
21%
76 Grumpig
20%
84 Wynaut
20%
7 Mupkip
18%
136 Unown
17%
86 Ducclops
15%
85 Duckull
15%
118 Garevoir
15%
62 Manectic
15%
78 Munim
15%
25 Nidicada
15%
54 arvanha
14%
No matching quizzes found
Score Distribution
Percent of People with Each Score
Percentile by Number Answered
Your Score History
You have not taken this quiz